| 000 | 00809nam a22002055i 4500 | ||
|---|---|---|---|
| 001 | 162244 | ||
| 003 | ES-MaACL | ||
| 005 | 20230906212448.0 | ||
| 008 | 041105s1875 sp |||| | spa d | ||
| 040 |
_aCAM _bspa _cCAM |
||
| 100 | 1 |
_aPlanelles, Luis. _9131211 |
|
| 245 | 1 | 0 |
_aSanidad _b: Juicio crÃtico de la conferencia sanitaria internacional de Viena / _cpor Luis Planelles. |
| 260 |
_aMadrid : _b[s.n.], _c1875 ( _fEstablecimiento tipográficos de Manuel Minuesa) |
||
| 300 |
_a98 p. ; _c23 cm. |
||
| 490 | 1 | _aEstudios administrativos | |
| 611 | 2 | 4 |
_aConferencia Sanitaria Internacional. _d1874. _cViena) _9135075 |
| 830 | 0 |
_aEstudios administrativos _9181549 |
|
| 852 |
_aES-MaACL _jT-377-F-1 _z-- Enc. hol. _q-- Falto de la cub. original _z-- Enc. en un vol. facticio |
||
| 999 |
_c162244 _d162244 |
||